Every Eurovision Song Of The 2000s - Statistics

General Stats
  • This quiz has been taken 38 times
  • The average score is 164 of 336
Answer Stats
Year Country Artist Answer % Correct
2008 Russia Dima Bilan Believe
91%
2007 Ukraine Verka Serduchka Dancing Lasha Tumbai
91%
2001 Estonia Tanel Padar, Dave Benton & 2XL Everybody
91%
2009 Norway Alexander Rybak Fairytale
91%
2000 Denmark Olsen Brothers Fly on the Wings of Love
91%
2006 Finland Lordi Hard Rock Hallelujah
91%
2009 Azerbaijan Aysel & Arash Always
86%
2003 United Kingdom Jemini Cry Baby
86%
2001 Greece Antique Die for You
86%
2003 Turkey Sertab Erener Everyway That I Can
86%
2002 Latvia Marie N I Wanna
86%
2006 Bosnia And Herzegovina Hari Mata Hari Lejla
86%
2007 Serbia Marija Šerifović Molitva
86%
2005 Greece Helena Paparizou My Number One
86%
2003 Greece Mando Never Let You Go
86%
2006 Russia Dima Bilan Never Let You Go
86%
2003 Belgium Urban Trad Sanomi
86%
2001 Iceland Two Tricky Angel
82%
2005 Malta Chiara Angel
82%
2009 Turkey Hadise Düm Tek Tek
82%
2007 United Kingdom Scooch Flying the Flag (For You)
82%
2008 Sweden Charlotte Perrelli Hero
82%
2009 Iceland Yohanna Is It True?
82%
2009 United Kingdom Jade Ewen It's My Time
82%
2001 Denmark Rollo & King Never Ever Let You Go
82%
2007 Israel Teapacks Push the Button
82%
2008 Ukraine Ani Lorak Shady Lady
82%
2004 Greece Sakis Rouvas Shake It
82%
2006 Ukraine Tina Karol Show Me Your Love
82%
2009 Greece Sakis Rouvas This Is Our Night
82%
2006 Lithuania LT United We Are the Winners
82%
2004 Ukraine Ruslana Wild Dances
82%
2002 Malta Ira Losco 7th Wonder
77%
2009 Ukraine Svetlana Loboda Be My Valentine (Anti-Crisis Girl)
77%
2009 Bosnia And Herzegovina Regina Bistra voda
77%
2008 Andorra Gisela Casanova
77%
2006 Iceland Silvía Night Congratulations
77%
2006 Greece Anna Vissi Everything
77%
2006 Sweden Carola Invincible
77%
2009 Armenia Inga & Anush Jan Jan
77%
2009 Sweden Malena Ernman La Voix
77%
2009 Russia Anastasia Prikhodko Mamo
77%
2009 Germany Alex Swings Oscar Sings Miss Kiss Kiss Bang
77%
2000 Latvia Brainstorm My Star
77%
2008 Serbia Jelena Tomašević feat. Bora Dugić Oro
77%
2008 Armenia Sirusho Qélé, Qélé
77%
2009 Estonia Urban Symphony Rändajad
77%
2008 Greece Kalomira Secret Combination
77%
2000 Russia Alsou Solo
77%
2007 Russia Serebro Song #1
77%
2006 United Kingdom Daz Sampson Teenage Life
77%
2007 Sweden The Ark The Worrying Kind
77%
2000 Germany Stefan Raab Wadde hadde dudde da?
77%
2007 Bulgaria Elitsa Todorova & Stoyan Yankoulov Water
77%
2000 Sweden Roger Pontare When Spirits Are Calling My Name
77%
2009 Czech Republic Gipsy.cz Aven Romale
73%
2005 Switzerland Vanilla Ninja Cool Vibes
73%
2008 Turkey Mor ve Ötesi Deli
73%
2003 Spain Beth Dime
73%
2008 France Sébastien Tellier Divine
73%
2007 Denmark DQ Drama Queen
73%
2008 United Kingdom Andy Abraham Even If
73%
2003 Ukraine Olexandr Hasta la vista
73%
2008 Belarus Ruslan Alehno Hasta la vista
73%
2006 Malta Fabrizio Faniello I Do
73%
2007 Spain D'Nash I Love You Mi Vida
73%
2004 Sweden Lena Philipsson It Hurts
73%
2006 Belgium Kate Ryan Je t'adore
73%
2004 Serbia And Montenegro Željko Joksimović & Ad Hoc Orchestra Lane moje
73%
2008 Estonia Kreisiraadio Leto svet
73%
2006 Croatia Severina Moja štikla
73%
2008 Bosnia And Herzegovina Laka Pokušaj
73%
2009 Latvia Intars Busulis Probka
73%
2002 Estonia Sahlene Runaway
73%
2002 Greece Michalis Rakintzis S.A.G.A.P.O.
73%
2006 Turkey Sibel Tüzün Süper Star
73%
2009 Israel Noa & Mira Awad There Must Be Another Way
73%
2007 Switzerland Dj BoBo Vampires Are Alive
73%
2008 Malta Morena Vodka
73%
2008 Latvia Pirates of the Sea Wolves of the Sea
73%
2007 Greece Sarbel Yassou Maria
73%
2006 Spain Las Ketchup Bloody Mary
68%
2009 Serbia Marko Kon & Milaan Cipela
68%
2002 United Kingdom Jessica Garlick Come Back
68%
2007 Portugal Sabrina Dança comigo
68%
2008 Germany No Angels Disappear
68%
2000 United Kingdom Nickki French Don't Play That Song Again
68%
2004 Turkey Athena For Real
68%
2009 Moldova Nelly Ciobanu Hora din Moldova
68%
2008 Ireland Dustin the Turkey Irelande Douze Pointe
68%
2009 Finland Waldo's People Lose Control
68%
2005 Ukraine GreenJolly Razom nas bahato
68%
2008 Croatia Kraljevi Ulice & 75 Cents Romanca
68%
2006 Romania Mihai Trăistariu Tornerò
68%
2000 North Macedonia XXL 100% te ljubam
64%
2006 Norway Christine Guldbrandsen Alvedansen
64%
2006 Netherlands Treble Amambanda
64%
2005 Moldova Zdob și Zdub Boonika bate doba
64%
2005 Spain Son de Sol Brujería
64%
2002 Spain Rosa Europe's Living a Celebration
64%
2006 Monaco Séverine Ferrer La Coco-Dance
64%
2007 France Les Fatals Picards L'Amour à la française
64%
2005 Sweden Martin Stenmarck Las Vegas
64%
2007 Finland Hanna Pakarinen Leave Me Alone
64%
2005 Romania Luminița Anghel & Sistem Let Me Try
64%
2006 Germany Texas Lightning No No Never
64%
2008 Belgium Ishtar O Julissi
64%
2007 Estonia Gerli Padar Partners in Crime
64%
2005 Turkey Gülseren Rimi Rimi Ley
64%
2005 Germany Gracia Run & Hide
64%
2008 Portugal Vânia Fernandes Senhora do mar (Negras águas)
64%
2006 Andorra Jenny Sense tu
64%
2005 Slovenia Omar Naber Stop
64%
2000 Iceland August & Telma Tell Me!
64%
2008 Iceland Euroband This Is My Life
64%
2005 United Kingdom Javine Touch My Fire
64%
2007 Belarus Dmitry Koldun Work Your Magic
64%
2005 Serbia And Montenegro No Name Zauvijek moja
64%
2008 Spain Rodolfo Chikilicuatre Baila el Chiki Chiki
59%
2004 Russia Yulia Savicheva Believe Me
59%
2004 Switzerland Piero Esteriore & The MusicStars Celebrate
59%
2007 Cyprus Evridiki Comme ci, comme ça
59%
2008 Switzerland Paolo Meneguzzi Era stupendo
59%
2007 Moldova Natalia Barbu Fight
59%
2003 Sweden Fame Give Me Your Love
59%
2005 Israel Shiri Maimon HaSheket SheNish'ar
59%
2009 Bulgaria Krassimir Avramov Illusion
59%
2001 Sweden Friends Listen to Your Heartbeat
59%
2006 Moldova Arsenium feat. Natalia Gordienko & Connect-R Loca
59%
2007 Czech Republic Kabát Malá dáma
59%
2003 Russia t.A.T.u. Ne ver', ne boysia
59%
2000 Estonia Ines Once in a lifetime
59%
2007 Latvia Bonaparti.lv Questa notte
59%
2000 Israel PingPong Sameach
59%
2002 Slovenia Sestre Samo ljubezen
59%
2002 Denmark Malene Tell Me Who You Are
59%
2005 Latvia Walters & Kazha The War Is Not Over
59%
2007 Ireland Dervish They Can't Stop the Spring
59%
2008 Denmark Simon Mathew All Night Long
55%
2005 Portugal 2B Amar
55%
2008 Bulgaria Deep Zone & Balthazar DJ, Take Me Away
55%
2003 Latvia F.L.Y. Hello from Mars
55%
2005 Norway Wig Wam In My Dreams
55%
2009 Spain Soraya Arnelas La noche es para mi
55%
2003 Germany Lou Let's Get Happy
55%
2002 Sweden Afro-dite Never Let It Go
55%
2005 Russia Natalia Podolskaya Nobody Hurt No One
55%
2001 Norway Haldor Lægreid On My Own
55%
2007 Turkey Kenan Doğulu Shake It Up Şekerim
55%
2009 Romania Elena The Balkan Girls
55%
2009 Portugal Flor-de-Lis Todas as ruas do amor
55%
2007 Norway Guri Schanke Ven a bailar conmigo
55%
2005 Austria Global.Kryner Y así
55%
2004 France Jonatan Cerrada À chaque pas
50%
2005 France Ortal Chacun pense à soi
50%
2008 Azerbaijan Elnur & Samir Day After Day
50%
2004 Norway Knut Anders Sørum High
50%
2008 Norway Maria Hold On Be Strong
50%
2006 France Virginie Pouchain Il était temps
50%
2001 France Natasha St-Pier Je n'ai que mon âme
50%
2001 Russia Mumiy Troll Lady Alpine Blue
50%
2005 Ireland Donna & Joe Love?
50%
2009 Lithuania Sasha Son Love
50%
2001 United Kingdom Lindsay Dracass No Dream Impossible
50%
2002 Russia Prime Minister Northern Girl
50%
2007 Bosnia And Herzegovina Marija Šestić Rijeka bez imena
50%
2004 Estonia Neiokõsõ Tii
50%
2006 Denmark Sidsel Ben Semmane Twist of Love
50%
2007 Slovenia Alenka Gotar Cvet z juga
45%
2001 Spain David Civera Dile que la quiero
45%
2004 Austria Tie Break Du bist
45%
2009 Ireland Sinéad Mulvey & Black Daisy Et Cetera
45%
2002 Germany Corinna May I Can't Live Without Music
45%
2003 Norway Jostein Hasselgård I'm Not Afraid to Move On
45%
2003 Poland Ich Troje Keine Grenzen - Żadnych granic
45%
2008 Finland Teräsbetoni Missä miehet ratsastaa
45%
2003 France Louisa Baïleche Monts et merveilles
45%
2008 Lithuania Jeronimas Milius Nomads in the Night
45%
2004 Spain Ramón Para llenarme de ti
45%
2007 Andorra Anonymous Salvem el món
45%
2004 Denmark Thomas Thordarson Shame on You
45%
2005 Croatia Boris Novković feat. Lado Members Vukovi umiru sami
45%
2008 Hungary Csézy Candlelight
41%
2004 Germany Max Can't Wait Until Tonight
41%
2008 San Marino Miodio Complice
41%
2009 Belgium Copycat Copycat
41%
2004 Latvia Fomins & Kleins Dziesma par laimi
41%
2006 Poland Ich Troje Follow My Heart
41%
2002 Cyprus One Gimme
41%
2004 Bosnia And Herzegovina Deen In the Disco
41%
2000 France Sofia Mestari On aura le ciel
41%
2008 Georgia Diana Gurtskaya Peace Will Come
41%
2005 Denmark Jakob Sveistrup Talking to You
41%
2009 Malta Chiara What If We
41%
2004 Belgium Xandee 1 Life
36%
2001 Malta Fabrizio Faniello Another Summer Night
36%
2009 Denmark Brinck Believe Again
36%
2009 Albania Kejsi Tola Carry Me in Your Dreams
36%
2000 Belgium Nathalie Sorce Envie de vivre
36%
2005 Estonia Suntribe Let's Get Loud
36%
2000 Ireland Eamonn Toal Millennium of Love
36%
2006 Slovenia Anžej Dežan Mr. Nobody
36%
2004 Belarus Aleksandra & Konstantin My Galileo
36%
2006 North Macedonia Elena Risteska Ninanajna
36%
2003 Iceland Birgitta Open Your Heart
36%
2009 Netherlands The Toppers Shine
36%
2008 Israel Boaz The Fire in Your Eyes
36%
2007 Georgia Sopho Visionary Dream
36%
2001 Germany Michelle Wer Liebe lebt
36%
2005 Finland Geir Rönning Why
36%
2000 Turkey Pınar and the SOS Yorgunum Anla
36%
2007 Montenegro Stevan Faddy Ajde, kroči
32%
2007 Armenia Hayko Anytime You Need
32%
2005 Bosnia And Herzegovina Feminnem Call Me
32%
2003 Estonia Ruffus Eighties Coming Back
32%
2001 Slovenia Nuša Derenda Energy
32%
2009 France Patricia Kaas Et s'il fallait le faire
32%
2009 Belarus Petr Elfimov Eyes That Never Lie
32%
2009 Cyprus Christina Metaxa Firefly
32%
2008 Poland Isis Gee For Life
32%
2007 Germany Roger Cicero Frauen regier'n die Welt
32%
2007 Austria Eric Papilaya Get a Life - Get Alive
32%
2001 Bosnia And Herzegovina Nino Hano
32%
2008 Czech Republic Tereza Kerndlová Have Some Fun
32%
2005 Iceland Selma If I Had Your Love
32%
2006 Latvia Vocal Group Cosmos I Hear Your Heart
32%
2009 Andorra Susanne Georgi La teva decisió (Get a Life)
32%
2004 North Macedonia Toše Proeski Life
32%
2002 Israel Sarit Hadad Light a Candle
32%
2009 Croatia Igor Cukrov feat. Andrea Lijepa Tena
32%
2004 Poland Blue Café Love Song
32%
2009 Slovenia Quartissimo feat. Martina Love Symphony
32%
2005 North Macedonia Martin Vučić Make My Day
32%
2007 North Macedonia Karolina Mojot Svet
32%
2006 Belarus Polina Smolova Mum
32%
2005 Netherlands Glennis Grace My Impossible Dream
32%
2003 Slovenia Karmen Nanana
32%
2004 Monaco Maryon Notre planète
32%
2004 Malta Julie & Ludwig On Again... Off Again
32%
2007 Netherlands Edsilia Rombley On Top of the World
32%
2001 Turkey Sedat Yüce Sevgiliye Son
32%
2000 Romania Taxi The Moon (Luna)
32%
2006 Estonia Sandra Oxenryd Through My Window
32%
2007 Hungary Magdi Rúzsa Unsubstantial Blues
32%
2007 Malta Olivia Lewis Vertigo
32%
2004 Netherlands Re-union Without You
32%
2001 Ireland Gary O'Shaughnessy Without Your Love
32%
2006 Armenia André Without Your Love
32%
2001 Lithuania Skamp You Got Style
32%
2008 Netherlands Hind Your Heart Belongs to Me
32%
2008 Moldova Geta Burlacu A Century of Love
27%
2002 Finland Laura Addicted to You
27%
2009 Hungary Zoli Ádok Dance with Me
27%
2000 Malta Claudette Pace Desire
27%
2003 Romania Nicola Don't Break My Heart
27%
2005 Cyprus Constantinos Christoforou Ela Ela
27%
2006 Ireland Brian Kennedy Every Song Is a Cry for Love
27%
2008 Cyprus Evdokia Kadi Femme Fatale
27%
2004 Iceland Jónsi Heaven
27%
2006 Switzerland Six4one If We All Give a Little
27%
2002 France Sandrine François Il faut du temps
27%
2009 Montenegro Andrea Demirović Just Get Out of My Life
27%
2006 Bulgaria Mariana Popova Let Me Cry
27%
2009 Slovakia Kamil Mikulčík & Nela Pocisková Leť tmou
27%
2005 Bulgaria Kaffe Lorraine
27%
2005 Belarus Angelica Agurbash Love Me Tonight
27%
2007 Belgium The KMG's LovePower
27%
2000 Norway Charmed My Heart Goes Boom
27%
2001 Croatia Vanna Strings Of My Heart
27%
2004 Cyprus Lisa Andreas Stronger Every Minute
27%
2004 Finland Jari Sillanpää Takes 2 to Tango
27%
2009 Switzerland Lovebugs The Highest Heights
27%
2004 Albania Anjeza Shahini The Image of You
27%
2007 Poland The Jet Set Time to Party
27%
2005 Albania Ledina Çelo Tomorrow I Go
27%
2001 Latvia Arnis Mendis Too Much
27%
2005 Monaco Lise Darly Tout de moi
27%
2007 Iceland Eiríkur Hauksson Valentine Lost
27%
2003 Austria Alf Poier Weil der Mensch zählt
27%
2004 Lithuania Linas & Simona What's Happened to Your Love
27%
2006 Cyprus Annet Artani Why Angels Cry
27%
2004 Croatia Ivan Mikulić You Are the Only One
27%
2001 Poland Piasek 2 Long
23%
2000 Finland Nina Åström A Little Bit
23%
2000 Austria The Rounder Girls All to You
23%
2005 Poland Ivan & Delfin Czarna dziewczyna
23%
2004 Portugal Sofia Vitória Foi magia
23%
2007 Albania Frederik Ndoci Hear My Plea
23%
2004 Romania Sanda I Admit
23%
2009 Poland Lidia Kopania I Don't Wanna Leave
23%
2005 Andorra Marian van de Wal La mirada interior
23%
2000 Switzerland Jane Bogaert La vita cos'è?
23%
2005 Belgium Nuno Resende Le Grand Soir
23%
2008 North Macedonia Tamara, Vrčak & Adrijan Let Me Love You
23%
2005 Lithuania Laura and the Lovers Little by Little
23%
2007 Lithuania 4Fun Love or Leave
23%
2003 Bosnia And Herzegovina Mija Martina Ne brini
23%
2002 Austria Manuel Ortega Say a Word
23%
2002 Belgium Sergio and the Ladies Sister
23%
2004 Slovenia Platin Stay Forever
23%
2006 Israel Eddie Butler Together We Are One
23%
2008 Montenegro Stefan Filipović Zauvijek volim te
23%
2002 Switzerland Francine Jordi Dans le jardin de mon âme
18%
2001 Israel Tal Sondak Ein Davar
18%
2002 Croatia Vesna Pisarović Everything I Want
18%
2005 Hungary Nox Forogj, világ
18%
2002 Lithuania Aivaras Happy You
18%
2004 United Kingdom James Fox Hold On to Our Love
18%
2004 Ireland Chris Doran If My World Stopped Turning
18%
2007 Romania Todomondo Liubi, Liubi, I Love You
18%
2000 Netherlands Linda No Goodbyes
18%
2000 Cyprus Voice Nomiza
18%
2002 North Macedonia Karolina Od nas zavisi
18%
2003 Netherlands Esther Hart One More Night
18%
2003 Croatia Claudia Beni Više nisam tvoja
18%
2007 Croatia Dragonfly feat. Dado Topić Vjerujem u ljubav
18%
2008 Slovenia Rebeka Dremelj Vrag naj vzame
18%
2008 Albania Olta Boka Zemrën e lamë peng
18%
2006 Portugal Nonstop Coisas de nada
14%
2000 Spain Serafín Zubiri Colgado de un sueño
14%
2003 Portugal Rita Guerra Deixa-me sonhar
14%
2003 Cyprus Stelios Constantas Feeling Alive
14%
2004 Andorra Marta Roure Jugarem a estimar-nos
14%
2000 Croatia Goran Karan Kad zaspu anđeli
14%
2002 Tukey Buket Bengisu and Group Safir Leylaklar Soldu Kalbinde
14%
2002 Bosnia And Herzegovina Maja Na jastuku za dvoje
14%
2009 North Macedonia Next Time Nešto što kje ostane
14%
2001 Netherlands Michelle Out on My Own
14%
2002 Romania Monica Anghel and Marcel Pavel Tell Me Why
14%
2003 Ireland Mickey Harte We've Got the World
14%
2003 Israel Lior Narkis Words for Love
14%
2006 Albania Luiz Ejlli Zjarr e ftohtë
14%
2008 Romania Nico & Vlad Pe-o margine de lume
9%
2003 Malta Lynn Chircop To Dream Again
9%
2004 Israel David D'Or Leha'amin
5%
2001 Portugal MTM Só sei ser feliz assim
5%
No matching quizzes found
Score Distribution
Percent of People with Each Score
Percentile by Number Answered
Your Score History
You have not taken this quiz